00885cam a2200265 a 450000100100000000500170001000800410002702000150006803500190008304000300010208200200013210000410015224500500019326000340024330000210027749000310029865000280032965000410035783000390039891000280043791000070046504900090047295201230048199900150060400000942420200929161605.0800204s1999 mx 000 p spa d a9681905822 a(DLC) 79124263 aDO-SdBNPbspacDLCdBNPHU aU861.44bB462co1 aBenedetti, Mario,d1920-2009.91195910aCotidianas :b(1978-1979) /cMario Benedetti. aMéxico :bAlfaguara,c1999. a139 p. ;c20 cm.1 aBiblioteca Mario Benedetti 4aPoesía uruguaya93846 4aLiteratura uruguayaySIGLO XX916336 0aBiblioteca Mario Benedetti.924217 aCatalogación derivada aWM aBNGR 001052708MOaGRbGRcHDd2009-09-29iLF1l0oU861.44 B462cop9424-10r2020-06-25w2020-06-25y2ZPréstamo interno c9184d9184